000 00772cam a2200253 a 4500
003 OSt
005 20150427183158.0
008 060817s2004 cou b 000 0 eng d
020 _z0781442273
035 _a(OCoLC)ocm60768963
043 _an-us---
100 1 _aLuce, Ron.
245 1 0 _aBattle cry for a generation :
_bthe fight to save America's youth /
_cRon Luce.
260 _aColorado Springs, Colo. :
_bNexGen,
_cc2005.
300 _a213 p. ;
_c24 cm.
336 _2rdacontent
337 _2rdamedia
338 _2rdacarrier
504 _aIncludes bibliographical references.
650 0 _aChurch work with youth
_zUnited States.
650 0 _aYouth
_xReligious life
_zUnited States.
650 0 _aYouth
_zUnited States
_xConduct of life.
942 _2lcc
_cBK
999 _c38234
_d38234